Betónové mosty : Cvičenie

Guardado en:
Detalles Bibliográficos
Autores principales: Majdúch, Dušan (Autor), Bolha, Ľubomír, 1941- (Autor)
Formato: Libro
Lenguaje:eslovaco
Publicado: Bratislava : SVŠT v Bratislave, 1973
Etiquetas: Agregar Etiqueta
Sin Etiquetas, Sea el primero en etiquetar este registro!

MARC

LEADER 00000nam a22000003a 4500
001 stu93402
005 20150617225615.2
008 050316s1973----cs------------------slo-d
040 |a STU  |b slo 
041 0 |a slo 
044 |a cs 
080 |a 624.21.012.3(075.8) 
100 1 |a Majdúch, Dušan  |4 aut 
245 1 |a Betónové mosty :  |b Cvičenie 
260 |a Bratislava :  |b SVŠT v Bratislave,  |c 1973 
300 |a 284 s 
700 1 |a Bolha, Ľubomír,  |d 1941-  |4 aut  |u V110  |U SvF Stavebná fakulta  |T SvF Katedra betónových konštrukcií a mostov  |X 1002  |U V110  |Y 11  |7 A000001002 
996 |b 284V024561  |c V*182/S-75  |l VVS  |s A  |a 24  |w stu93402_0001